Terra de dragões (Registo nº 1246)
[ vista simples ]
| 000 -Etiqueta do registo | |
|---|---|
| Cabeçalho | 01336nam a2200289 4500 |
| 005 - Identificador da versão | |
| Campo de controlo | 20240813121830.0 |
| 010 ## - Número internacional normalizado dos livros (ISBN) | |
| Número (ISBN) | 9789722034654 |
| 021 ## - Número do Depósito Legal | |
| Código do país | PT |
| Número | 268782/07 |
| 100 ## - Dados gerais de processamento | |
| Dados gerais de processamento | 20090421d2007 a y0pory5003 ba |
| 102 ## - Pais de publicação ou produção | |
| País de publicação | Portugal |
| 101 1# - Língua de publicação | |
| Língua do texto, banda sonora, etc. | Português |
| Língua do documento no original | Inglês |
| 106 ## - Campo de dados codificados: material textual | |
| Dados codificados do material textual | r |
| 105 ## - Campo de dados codificados: livros | |
| Dados codificados dos livros | a z 001fy |
| 215 ## - Descrição física | |
| Indicação específica da natureza do documento e extensão da espécie | 395, [5] p. |
| Outras indicações físicas | il. |
| Dimensões | 21 cm |
| 200 1# - Titulo e menção de responsabilidade | |
| Título próprio | Terra de dragões |
| Primeira menção de responsabilidade | James A. Owen |
| Outras menções de responsabilidade | trad. Rita Veiga |
| 205 ## - Menção da edição | |
| Menção da edição | 2ª ed |
| 210 ## - Publicação, Distribuição, etc. | |
| Lugar da edição, distribuição, etc. | Lisboa |
| Nome do editor, distribuidor, etc. | Dom Quixote |
| Data da publicação, distribuição, etc. | 2007 |
| 330 ## - Sumário ou Resumo | |
| Texto da nota | Um professor de Oxford morre em estranhas circunstâncias e um dos seus discípulos recebe, o que, aparentemente, parece ter sido o móbil do crime: um exemplar do atlas Imaginarium Geoghaphica. Perseguidos por estranhas e ferozes criaturas, ele e os seus dois companheiros de viagem navegam até onde se desenha a linha do fim do mundo: a Terra de Dragões. Esta é uma autêntica aventura jamais contada. Como três dos maiores cartógrafos do mundo fantástico chegaram aos confins do universo e descobriram o que esconde a terra onde tudo pode suceder e como são os seres obscuros que a habitam. |
| 304 ## - Notas relativas a título e menção de responsabilidade | |
| Texto da nota | Tít. orig: Here, there be dragons |
| 675 ## - Classificação Decimal Universal (CDU) | |
| Notação | 82-93 |
| Edição | BN |
| Língua da edição | por |
| 702 #1 - Nome de autor-pessoa física (responsabilidade secundária) | |
| Número de registo de entrada de autoridade | 0001754 |
| Palavra de ordem | Veiga |
| Outra parte do nome não tomada para palavra de ordem | Rita |
| Código de função | Tradutor |
| 700 #1 - Nome de autor-pessoa física (responsabilidade principal) | |
| Número de registo de entrada de autoridade | 0001753 |
| Palavra de ordem | Owen |
| Outra parte do nome não tomada para palavra de ordem | James A. |
| 942 ## - Elementos de entrada adicionados (Koha) | |
| Tipo de item no Koha | Livro |
| Situação do levantamento | Origin of item (home branch) (coded) | Biblioteca de empréstimo | Código de barras | Cota | Circulation type (not for loan) | Tipo de documento | Nota do exemplar | Damaged status |
|---|---|---|---|---|---|---|---|---|
| Biblioteca Escolar Eng. Nuno Mergulhão | Biblioteca Escolar Eng. Nuno Mergulhão | BENM2602 | 8EST OWE | Livro | Sem mensagem |
